[Event "10th Kings Rapid RR 2016"]
[Site "Medias ROU"]
[Date "2016.11.28"]
[Round "1.1"]
[White "Foisor, Cristina-Adela"]
[Black "Jianu, Vlad-Cristian"]
[Result "1-0"]
[WhiteTitle "IM"]
[BlackTitle "GM"]
[WhiteElo "2360"]
[BlackElo "2544"]
[WhiteFideId "1200496"]
[BlackFideId "1208110"]
[EventDate "2016.11.28"]

1. Nf3 Nf6 2. g3 d5 3. Bg2 c5 4. d4 Nc6 5. O-O e6 6. c4 dxc4 7. Qa4 Bd7 8. Qxc4
cxd4 9. Nxd4 Rc8 10. Nc3 Nxd4 11. Qxd4 Bc5 12. Qd3 Bc6 13. Qxd8+ Kxd8 14. Bg5
Ke7 15. Rfd1 h6 16. Bxf6+ gxf6 17. Rd3 Bxg2 18. Kxg2 Rhd8 19. Rad1 Rxd3 20. Rxd3
f5 21. f4 Bb4 22. Nd1 Rc2 23. Kf3 b6 24. h3 h5 25. a3 Bd6 26. Ne3 Rc1 27. Rd1
Rc6 28. Rd2 Rc1 29. Rd1 Rc8 30. Rd2 Rc5 31. Rc2 Rb5 32. Nc4 Rb3+ 33. e3 Bc5 34.
Re2 f6 35. Kf2 Kd7 36. Kf3 Kc6 37. Rd2 Kc7 38. Rc2 Kd7 39. Rd2+ Ke7 40. Rc2 b5
41. Na5 Rxe3+ 42. Kg2 Bb6 43. Nc6+ Kd6 44. Nb4 Rb3 45. Rd2+ Ke7 46. Nc6+ Ke8 47.
Nb8 e5 48. fxe5 fxe5 49. Nc6 e4 50. Re2 Kd7 51. Ne5+ Kd6 52. Ng6 Bd4 53. Nf4
Rxb2 54. Rxb2 Bxb2 55. Nxh5 Bxa3 56. Kf2 Bb2 57. Nf4 Be5 58. Ne2 a5 59. Ke3 a4
60. g4 a3 61. Nc1 Ke6 62. Na2 Bd6 63. Kd4 b4 64. gxf5+ Kxf5 65. Kc4 e3 66. Kd3
b3 1-0

[Event "10th Kings Rapid RR 2016"]
[Site "Medias ROU"]
[Date "2016.11.28"]
[Round "1.2"]
[White "Bulmaga, Irina"]
[Black "Sgircea, Silvia-Raluca"]
[Result "1-0"]
[WhiteTitle "IM"]
[BlackTitle "WIM"]
[WhiteElo "2387"]
[BlackElo "2281"]
[WhiteFideId "13903063"]
[BlackFideId "1213776"]
[EventDate "2016.11.28"]

1. e4 c5 2. Be2 Nc6 3. f4 g6 4. Nf3 Bg7 5. O-O Nf6 6. d3 O-O 7. Kh1 d5 8. e5 Ne8
9. c3 d4 10. cxd4 Nxd4 11. Nxd4 Qxd4 12. Nd2 Bf5 13. Nb3 Qd5 14. Be3 Rc8 15. Bf3
Qxd3 16. Bxc5 Qxd1 17. Raxd1 Rc7 18. Bxa7 f6 19. Bb6 Rc2 20. g4 Bc8 21. Rc1 Rxc1
22. Rxc1 Be6 23. Nc5 Bxa2 24. Nd7 fxe5 25. Nxf8 Kxf8 26. fxe5 Bxe5 27. Bxb7 Nd6
28. Bg2 Bb3 29. Rf1+ Kg7 30. Rf3 Bd1 31. Re3 Bf6 32. b4 Bxg4 33. Bc5 Bd7 34.
Bxd6 exd6 35. Ra3 Bd4 36. Ra6 Be8 37. Rxd6 Bc3 38. Rb6 1-0

[Event "10th Kings Rapid RR 2016"]
[Site "Medias ROU"]
[Date "2016.11.28"]
[Round "1.3"]
[White "Peptan, Corina-Isabela"]
[Black "Vajda, Levente"]
[Result "1/2-1/2"]
[WhiteTitle "IM"]
[BlackTitle "GM"]
[WhiteElo "2395"]
[BlackElo "2597"]
[WhiteFideId "1201930"]
[BlackFideId "1203975"]
[EventDate "2016.11.28"]

1. d4 Nf6 2. c4 g6 3. Nf3 Bg7 4. Nc3 O-O 5. g3 d6 6. Bg2 Nbd7 7. O-O e5 8. h3
Re8 9. dxe5 dxe5 10. Be3 c6 11. Qb3 Qa5 12. a3 Nc5 13. Qb4 Qxb4 14. axb4 Na6 15.
b5 cxb5 16. Nxb5 Ne4 17. Rxa6 bxa6 18. Nc7 Bb7 19. Nxe8 Rxe8 20. Bxa7 Bf8 21.
Rd1 a5 22. Bb6 Bc5 23. Bxc5 Nxc5 24. Ne1 e4 25. Nc2 Re6 26. b4 axb4 27. Nxb4 Rb6
28. Nd5 Rb2 29. Kf1 Kg7 30. f3 Rc2 31. Ne3 Rc3 32. Kf2 exf3 33. Bxf3 Ne4+ 34.
Bxe4 Bxe4 35. Rd4 Bc6 36. Rd6 Be4 37. Rd4 Bc6 38. Rd6 Be4 39. Rd4 Bc6 40. Rd6
Be4 41. Rd4 Bc6 1/2-1/2

[Event "10th Kings Rapid RR 2016"]
[Site "Medias ROU"]
[Date "2016.11.28"]
[Round "1.4"]
[White "Deac, Bogdan-Daniel"]
[Black "Nevednichy, Vladislav"]
[Result "1-0"]
[WhiteTitle "GM"]
[BlackTitle "GM"]
[WhiteElo "2559"]
[BlackElo "2541"]
[WhiteFideId "1226380"]
[BlackFideId "1205730"]
[EventDate "2016.11.28"]

1. d4 g6 2. e4 d6 3. Nf3 c6 4. c4 Bg7 5. Nc3 Nd7 6. Be2 e5 7. O-O Ngf6 8. Re1
O-O 9. Bf1 a6 10. d5 c5 11. g3 Ne8 12. Bg2 Rb8 13. a3 b6 14. Rb1 h6 15. b4 Kh7
16. Qc2 Qc7 17. Qd3 Ra8 18. Bd2 Qd8 19. Qc2 Ra7 20. Bf1 Kg8 21. Nh4 Kh7 22. Na4
Bf6 23. Nf3 Bg5 24. Nxg5+ hxg5 25. Qc1 f6 26. Be2 Rh8 27. Kg2 Kg8 28. Rh1 Nf8
29. bxc5 bxc5 30. g4 Rh4 31. f3 Nh7 32. Be1 Rh6 33. Nb6 f5 34. h3 Rf7 35. Nxc8
Qxc8 36. Rb6 fxe4 37. fxe4 Rf4 38. Qb1 Nhf6 39. Rb8 Qd7 40. Rb7 Qc8 41. Bd2 Rxe4
42. Bf3 Rd4 43. Bxg5 e4 44. Be2 Rh7 45. Rb8 Qd7 46. Bxf6 Rd2 47. Qxe4 1-0

[Event "10th Kings Rapid RR 2016"]
[Site "Medias ROU"]
[Date "2016.11.28"]
[Round "1.5"]
[White "Marin, Mihail"]
[Black "Cosma, Elena-Luminita"]
[Result "1/2-1/2"]
[WhiteTitle "GM"]
[BlackTitle "WGM"]
[WhiteElo "2549"]
[BlackElo "2324"]
[WhiteFideId "1200020"]
[BlackFideId "1201590"]
[EventDate "2016.11.28"]

1. d4 d5 2. c4 e6 3. Nf3 Nf6 4. g3 dxc4 5. Bg2 Nc6 6. O-O Rb8 7. e3 b5 8. b3
cxb3 9. axb3 Bb7 10. Qe2 a6 11. Bd2 Be7 12. Rc1 O-O 13. Ne1 Nb4 14. Bxb7 Rxb7
15. Bxb4 Bxb4 16. Rxa6 Bxe1 17. Qxe1 Qd5 18. Nd2 Nd7 19. Rac6 e5 20. Rxc7 Rxc7
21. Rxc7 exd4 22. exd4 Qxd4 23. Nf3 Qd5 24. Qe3 h6 25. Kg2 Nf6 26. Rc5 Qb7 27.
Qd3 Rb8 28. b4 Nd7 29. Rd5 Nf6 30. Rc5 Nd7 31. Rf5 Nf6 32. h3 Qc6 33. Rc5 Qb7
34. g4 Ne4 35. Rf5 Nf6 36. Rc5 Nd7 37. Rd5 Nf6 38. Rc5 1/2-1/2

[Event "10th Kings Rapid RR 2016"]
[Site "Medias ROU"]
[Date "2016.11.28"]
[Round "2.1"]
[White "Jianu, Vlad-Cristian"]
[Black "Cosma, Elena-Luminita"]
[Result "1-0"]
[WhiteTitle "GM"]
[BlackTitle "WGM"]
[WhiteElo "2544"]
[BlackElo "2324"]
[WhiteFideId "1208110"]
[BlackFideId "1201590"]
[EventDate "2016.11.28"]

1. d4 d5 2. c4 e6 3. Nc3 Nf6 4. cxd5 exd5 5. Bg5 c6 6. e3 Be7 7. Bd3 Nbd7 8. Nf3
Nh5 9. Bxe7 Qxe7 10. O-O Nhf6 11. Rb1 a5 12. a3 O-O 13. Qc2 Re8 14. Rfc1 Ne4 15.
b4 axb4 16. axb4 Ra3 17. Bxe4 dxe4 18. Nd2 Nf6 19. b5 Qe6 20. bxc6 bxc6 21. Ra1
Rxa1 22. Rxa1 h6 23. h3 Qf5 24. Ne2 Bd7 25. Ng3 Qg6 26. Ra5 Nd5 27. Nc4 f5 28.
Ra7 Re7 29. Ne5 Qd6 30. Rxd7 Rxd7 31. Nxf5 Qe6 32. Nxd7 Qxd7 33. Qxe4 Nf6 34.
Qe5 Qf7 35. Ne7+ Kh8 36. Nxc6 Qc4 37. Qb8+ Kh7 38. Qb1+ Kh8 39. Ne5 Qe2 40. Qf5
Qe1+ 41. Kh2 Qe2 42. Nf7+ Kg8 43. Nxh6+ 1-0

[Event "10th Kings Rapid RR 2016"]
[Site "Medias ROU"]
[Date "2016.11.28"]
[Round "2.2"]
[White "Nevednichy, Vladislav"]
[Black "Marin, Mihail"]
[Result "1-0"]
[WhiteTitle "GM"]
[BlackTitle "GM"]
[WhiteElo "2541"]
[BlackElo "2549"]
[WhiteFideId "1205730"]
[BlackFideId "1200020"]
[EventDate "2016.11.28"]

1. e4 d6 2. d4 Nf6 3. Nc3 g6 4. Nf3 Bg7 5. Be2 O-O 6. O-O c6 7. Re1 Nbd7 8. e5
dxe5 9. Nxe5 Qa5 10. Nc4 Qc7 11. g3 b5 12. Bf4 Qd8 13. Ne5 Bb7 14. Bf3 Qc8 15.
Nd3 Re8 16. a4 a6 17. a5 Nd5 18. Nxd5 cxd5 19. c3 Bc6 20. h4 Ra7 21. Kg2 Nf6 22.
Nc5 h5 23. Be5 Bh6 24. Bxf6 exf6 25. Rxe8+ Qxe8 26. Qb3 Qd8 27. Nd3 Rd7 28. Qa2
Rd6 29. Re1 f5 30. Nc5 Ba8 31. b4 f4 32. Qe2 fxg3 33. fxg3 Kg7 34. Qe5+ Qf6 35.
Re2 Kh7 36. Qe7 Kg7 37. Qe8 Rd8 38. Qe5 Qxe5 39. dxe5 Rc8 40. e6 f5 41. Nxa6 Bc6
42. Nc5 Kf6 43. e7 Kf7 44. a6 Bg7 45. Ne6 Bxc3 46. Nd8+ 1-0

[Event "10th Kings Rapid RR 2016"]
[Site "Medias ROU"]
[Date "2016.11.28"]
[Round "2.3"]
[White "Vajda, Levente"]
[Black "Deac, Bogdan-Daniel"]
[Result "1/2-1/2"]
[WhiteTitle "GM"]
[BlackTitle "GM"]
[WhiteElo "2597"]
[BlackElo "2559"]
[WhiteFideId "1203975"]
[BlackFideId "1226380"]
[EventDate "2016.11.28"]

1. e4 c5 2. c3 Nf6 3. e5 Nd5 4. d4 cxd4 5. Nf3 Nc6 6. cxd4 d6 7. Bc4 Nb6 8. Bb5
dxe5 9. Nxe5 Bd7 10. Nxd7 Qxd7 11. Nc3 e6 12. O-O Be7 13. Qg4 O-O 14. Bxc6 bxc6
15. Bh6 Bf6 16. Rad1 Kh8 17. Ne4 Qd8 18. Bg5 Bxg5 19. Nxg5 h6 20. Nf3 Qd5 21. b3
Nd7 22. Rfe1 a5 23. Ne5 a4 24. Re3 Nf6 25. Qf3 axb3 26. axb3 Ra6 27. h3 1/2-1/2

[Event "10th Kings Rapid RR 2016"]
[Site "Medias ROU"]
[Date "2016.11.28"]
[Round "2.4"]
[White "Sgircea, Silvia-Raluca"]
[Black "Peptan, Corina-Isabela"]
[Result "1/2-1/2"]
[WhiteTitle "WIM"]
[BlackTitle "IM"]
[WhiteElo "2281"]
[BlackElo "2395"]
[WhiteFideId "1213776"]
[BlackFideId "1201930"]
[EventDate "2016.11.28"]

1. d4 Nf6 2. Bf4 c5 3. d5 Qb6 4. Nc3 Qxb2 5. Be5 d6 6. Rb1 Qa3 7. Nb5 Qa5+ 8.
Bc3 Qd8 9. a4 Na6 10. e3 Nc7 11. Bc4 Nxb5 12. Rxb5 b6 13. Rb3 e5 14. Ne2 Bd7 15.
Qa1 Ne4 16. O-O Nxc3 17. Nxc3 Be7 18. a5 O-O 19. axb6 axb6 20. Qb2 Rb8 21. Rb1
Bf5 22. e4 Bg6 23. Rxb6 Rxb6 24. Qxb6 f5 25. Qxd8 Rxd8 26. Rb7 Kf8 27. Bd3 fxe4
28. Bxe4 Bxe4 29. Nxe4 Ra8 30. f3 Ra1+ 31. Kf2 Ra2 32. Rb8+ Kf7 33. Rb6 Rxc2+
34. Kg3 c4 35. Nxd6+ Bxd6 36. Rxd6 Rd2 37. Rc6 Rd4 38. Kf2 Rxd5 1/2-1/2

[Event "10th Kings Rapid RR 2016"]
[Site "Medias ROU"]
[Date "2016.11.28"]
[Round "2.5"]
[White "Foisor, Cristina-Adela"]
[Black "Bulmaga, Irina"]
[Result "0-1"]
[WhiteTitle "IM"]
[BlackTitle "IM"]
[WhiteElo "2360"]
[BlackElo "2387"]
[WhiteFideId "1200496"]
[BlackFideId "13903063"]
[EventDate "2016.11.28"]

1. Nf3 Nf6 2. g3 d5 3. Bg2 c6 4. d3 Bg4 5. Nbd2 Nbd7 6. h3 Bxf3 7. Nxf3 e5 8.
O-O Be7 9. c4 dxc4 10. dxc4 O-O 11. b3 Qc7 12. Bb2 Rfe8 13. Qc2 Bc5 14. e3 a5
15. Rad1 Nf8 16. Ng5 Qe7 17. h4 h6 18. Ne4 Nxe4 19. Qxe4 Ba3 20. Ba1 a4 21. Rd3
axb3 22. axb3 Bb4 23. Rfd1 Qe6 24. g4 Qe7 25. h5 Ra2 26. Qf5 e4 27. Rd4 Rea8 28.
Rxe4 Rxa1 29. Rxe7 Rxd1+ 30. Kh2 Bxe7 31. Be4 Ra2 32. Kg3 Rg1+ 33. Bg2 Bd6+ 0-1

[Event "10th Kings Rapid RR 2016"]
[Site "Medias ROU"]
[Date "2016.11.28"]
[Round "3.1"]
[White "Bulmaga, Irina"]
[Black "Jianu, Vlad-Cristian"]
[Result "0-1"]
[WhiteTitle "IM"]
[BlackTitle "GM"]
[WhiteElo "2387"]
[BlackElo "2544"]
[WhiteFideId "13903063"]
[BlackFideId "1208110"]
[EventDate "2016.11.28"]

1. e4 d6 2. d4 Nf6 3. Bd3 e5 4. c3 d5 5. dxe5 Nxe4 6. Nf3 Nc6 7. O-O Bg4 8. Nbd2
Nc5 9. Bb1 d4 10. h3 Bh5 11. cxd4 Nxd4 12. b4 Nce6 13. Be4 c6 14. Qa4 a5 15.
Nxd4 Nxd4 16. g4 axb4 17. Qd1 Bg6 18. Bb2 Bc5 19. Rc1 Be7 20. Bg2 h5 21. Ne4 Ne6
22. Nd6+ Bxd6 23. exd6 hxg4 24. Qxg4 Rh5 25. Rfe1 Rg5 26. d7+ Kf8 27. Qxb4+ c5
28. Qc3 Qxd7 29. h4 Rg4 30. Rxe6 fxe6 31. Qf3+ Bf5 32. Rxc5 Rc8 33. Rxc8+ Qxc8
34. Ba3+ Kg8 35. Bd6 Qc1+ 36. Kh2 Rxh4+ 37. Kg3 Qg5+ 0-1

[Event "10th Kings Rapid RR 2016"]
[Site "Medias ROU"]
[Date "2016.11.28"]
[Round "3.2"]
[White "Peptan, Corina-Isabela"]
[Black "Foisor, Cristina-Adela"]
[Result "1/2-1/2"]
[WhiteTitle "IM"]
[BlackTitle "IM"]
[WhiteElo "2395"]
[BlackElo "2360"]
[WhiteFideId "1201930"]
[BlackFideId "1200496"]
[EventDate "2016.11.28"]

1. d4 d5 2. c4 c6 3. e3 Nf6 4. Nc3 a6 5. Nf3 g6 6. Qb3 Bg7 7. Bd3 O-O 8. O-O Ra7
9. Bd2 Be6 10. c5 Ne4 11. Qb6 Nxd2 12. Nxd2 Qxb6 13. cxb6 Ra8 14. Nb3 Bc8 15. f4
Re8 16. Rae1 f5 17. Na4 e6 18. Nbc5 Bf6 19. Rc1 Bd8 20. Rc3 Nd7 21. Rb3 Nxc5 22.
Nxc5 Be7 23. Nxa6 bxa6 24. b7 Bxb7 25. Rxb7 c5 26. dxc5 Bxc5 27. Kf2 Rab8 28.
Rxb8 Rxb8 29. b3 a5 30. Rc1 Rc8 31. Ke2 Rc7 32. Bb5 Kf7 33. Kd3 Ke7 34. h3 Kd6
35. Ke2 Bb6 36. Rxc7 Bxc7 37. Be8 Bb6 38. Kd3 Bc5 39. Bb5 e5 40. fxe5+ Kxe5 41.
Bc6 1/2-1/2

[Event "10th Kings Rapid RR 2016"]
[Site "Medias ROU"]
[Date "2016.11.28"]
[Round "3.3"]
[White "Deac, Bogdan-Daniel"]
[Black "Sgircea, Silvia-Raluca"]
[Result "1/2-1/2"]
[WhiteTitle "GM"]
[BlackTitle "WIM"]
[WhiteElo "2559"]
[BlackElo "2281"]
[WhiteFideId "1226380"]
[BlackFideId "1213776"]
[EventDate "2016.11.28"]

1. e4 c5 2. Nf3 Nc6 3. Bb5 g6 4. Bxc6 bxc6 5. O-O Bg7 6. Re1 Nh6 7. c3 O-O 8. h3
f5 9. d3 Rb8 10. Na3 Ba6 11. e5 Nf7 12. Nc4 d6 13. e6 Bxc4 14. dxc4 Ne5 15. Nxe5
Bxe5 16. Bh6 Bg7 17. Bxg7 Kxg7 18. Qd2 a5 19. b3 Qc8 20. Rab1 Rf6 21. Qe2 f4 22.
f3 Rf5 23. Qd3 Qf8 24. Re4 Qf6 25. Qd2 g5 26. a4 Re5 27. Rxe5 Qxe5 28. Re1 Qf6
29. Qc2 Qg6 30. Qd1 Qf6 31. Qc2 Qg6 32. Qd1 Qf6 1/2-1/2

[Event "10th Kings Rapid RR 2016"]
[Site "Medias ROU"]
[Date "2016.11.28"]
[Round "3.4"]
[White "Marin, Mihail"]
[Black "Vajda, Levente"]
[Result "1-0"]
[WhiteTitle "GM"]
[BlackTitle "GM"]
[WhiteElo "2549"]
[BlackElo "2597"]
[WhiteFideId "1200020"]
[BlackFideId "1203975"]
[EventDate "2016.11.28"]

1. Nf3 Nf6 2. c4 e6 3. g3 d5 4. d4 Be7 5. Bg2 O-O 6. O-O dxc4 7. Ne5 Nc6 8. Nxc6
bxc6 9. Na3 Bxa3 10. bxa3 Ba6 11. Qd2 Rb8 12. Qa5 Qc8 13. a4 Rd8 14. Ba3 Rxd4
15. Rfb1 Rb6 16. Bc5 Rd5 17. Bxd5 exd5 18. Bd4 Ne4 19. f3 Ng5 20. Qc3 Ne6 21.
Qe3 Qf8 22. Bxb6 cxb6 23. a5 d4 24. Qe4 Qc5 25. axb6 axb6 26. Kg2 c3 27. Rc1 g6
28. Rc2 Bc4 29. e3 Qb5 30. a4 Qb3 31. exd4 Nxd4 32. Rf2 Ne6 33. Qxc6 Bd5 34.
Qc8+ Kg7 35. Rc1 Nc5 36. a5 Qa3 37. axb6 Bb7 38. Qc7 Qxc1 39. Qxc5 Qe1 40. Qd4+ 1-0

[Event "10th Kings Rapid RR 2016"]
[Site "Medias ROU"]
[Date "2016.11.28"]
[Round "3.5"]
[White "Cosma, Elena-Luminita"]
[Black "Nevednichy, Vladislav"]
[Result "1/2-1/2"]
[WhiteTitle "WGM"]
[BlackTitle "GM"]
[WhiteElo "2324"]
[BlackElo "2541"]
[WhiteFideId "1201590"]
[BlackFideId "1205730"]
[EventDate "2016.11.28"]

1. d4 g6 2. e4 d6 3. Nc3 c6 4. a4 Bg7 5. Be3 Nf6 6. h3 O-O 7. Nf3 Nbd7 8. a5 Qc7
9. Be2 Rb8 10. O-O b5 11. axb6 axb6 12. d5 Bb7 13. Nd4 Nc5 14. Bf3 e5 15. Nxc6
Bxc6 16. dxc6 Qxc6 17. Bg5 h6 18. Bxf6 Bxf6 19. Qd5 Qxd5 20. Nxd5 Bg5 21. b4 Ne6
22. c3 Nf4 23. Nxf4 exf4 24. Rfd1 Rfd8 25. Be2 Bf6 26. Ra3 Be5 27. Ba6 Rd7 28.
Bb5 Rc7 29. c4 Kg7 30. f3 g5 31. Kf2 h5 32. Ke2 Kf6 33. Kd3 g4 34. hxg4 hxg4 35.
Rh1 Rg8 36. Ra6 Rb8 37. Rh4 g3 38. Rh3 Kg6 39. Rh1 Kg5 40. Rh3 Kg6 41. Rh1 Kg5
42. Rh3 1/2-1/2

[Event "10th Kings Rapid RR 2016"]
[Site "Medias ROU"]
[Date "2016.11.28"]
[Round "4.1"]
[White "Jianu, Vlad-Cristian"]
[Black "Nevednichy, Vladislav"]
[Result "1/2-1/2"]
[WhiteTitle "GM"]
[BlackTitle "GM"]
[WhiteElo "2544"]
[BlackElo "2541"]
[WhiteFideId "1208110"]
[BlackFideId "1205730"]
[EventDate "2016.11.28"]

1. d4 Nf6 2. c4 d6 3. Nf3 g6 4. g3 Bg7 5. Bg2 O-O 6. O-O c6 7. Nc3 Bf5 8. b3 Ne4
9. Bb2 Nxc3 10. Bxc3 Qc8 11. Re1 Be4 12. e3 c5 13. Qe2 Nc6 14. Red1 a5 15. Qb2
a4 16. dxc5 Bxc3 17. Qxc3 dxc5 18. Ne5 Bxg2 19. Kxg2 Nxe5 20. Qxe5 Qc6+ 21. f3
Rfe8 22. Rd5 axb3 23. axb3 f6 24. Qc3 Rxa1 25. Qxa1 Kf7 26. h4 b6 27. e4 Ra8 28.
Qb2 Qe6 29. Qd2 Kg7 30. Rd7 Ra3 31. Rc7 Rxb3 32. Qd8 Rb2+ 33. Kg1 Rb1+ 34. Kg2
Rb2+ 35. Kg1 Rb1+ 36. Kg2 Rb2+ 37. Kg1 1/2-1/2

[Event "10th Kings Rapid RR 2016"]
[Site "Medias ROU"]
[Date "2016.11.28"]
[Round "4.2"]
[White "Vajda, Levente"]
[Black "Cosma, Elena-Luminita"]
[Result "1-0"]
[WhiteTitle "GM"]
[BlackTitle "WGM"]
[WhiteElo "2597"]
[BlackElo "2324"]
[WhiteFideId "1203975"]
[BlackFideId "1201590"]
[EventDate "2016.11.28"]

1. e4 e6 2. d4 d5 3. Nd2 c5 4. Ngf3 Nc6 5. exd5 exd5 6. Bb5 cxd4 7. O-O Bd6 8.
Nb3 Ne7 9. Nbxd4 O-O 10. Bd3 Nxd4 11. Nxd4 Nc6 12. Nf5 Bxf5 13. Bxf5 Qf6 14. Qd3
g6 15. Bh3 Rad8 16. g3 Ne5 17. Qxd5 b6 18. Bg2 Bc5 19. Qe4 Rfe8 20. Qf4 Qxf4 21.
Bxf4 Ng4 22. Bf3 Ne5 23. Kg2 f6 24. h4 Bd4 25. c3 Nxf3 26. Kxf3 Be5 27. Be3 Rd5
28. Rfd1 Red8 29. Rxd5 Rxd5 30. Ke4 Rb5 31. f4 Bd6 32. b4 Kf7 33. a4 Rh5 34. a5
g5 35. axb6 axb6 36. Ra7+ Ke8 37. hxg5 fxg5 38. Bxb6 gxf4 39. gxf4 Rh3 40. Bd4
h5 41. Rh7 Rh1 42. Be5 Be7 43. Kd5 h4 44. b5 h3 45. Kc6 1-0

[Event "10th Kings Rapid RR 2016"]
[Site "Medias ROU"]
[Date "2016.11.28"]
[Round "4.3"]
[White "Sgircea, Silvia-Raluca"]
[Black "Marin, Mihail"]
[Result "1/2-1/2"]
[WhiteTitle "WIM"]
[BlackTitle "GM"]
[WhiteElo "2281"]
[BlackElo "2549"]
[WhiteFideId "1213776"]
[BlackFideId "1200020"]
[EventDate "2016.11.28"]

1. Nf3 Nf6 2. c4 g6 3. g3 Bg7 4. Bg2 O-O 5. O-O d6 6. d4 Nbd7 7. Nc3 e5 8. e3
Re8 9. b3 c6 10. a4 a5 11. Ba3 exd4 12. exd4 Nf8 13. Re1 Rxe1+ 14. Qxe1 d5 15.
Qe7 Qxe7 16. Bxe7 Ne4 17. Ne2 Be6 18. Rc1 Re8 19. Ba3 Bg4 20. cxd5 cxd5 21. Bb2
Nd2 22. Nxd2 Rxe2 23. Bc3 Ne6 24. Nf3 Bh6 25. Re1 Rxe1+ 26. Nxe1 Bg7 27. Bxd5
Nxd4 28. Bxa5 Bd1 29. Bxb7 Bxb3 30. Nf3 1/2-1/2

[Event "10th Kings Rapid RR 2016"]
[Site "Medias ROU"]
[Date "2016.11.28"]
[Round "4.4"]
[White "Foisor, Cristina-Adela"]
[Black "Deac, Bogdan-Daniel"]
[Result "0-1"]
[WhiteTitle "IM"]
[BlackTitle "GM"]
[WhiteElo "2360"]
[BlackElo "2559"]
[WhiteFideId "1200496"]
[BlackFideId "1226380"]
[EventDate "2016.11.28"]

1. Nf3 d5 2. g3 g6 3. Bg2 Bg7 4. d4 c6 5. O-O Nh6 6. c3 Nf5 7. Nbd2 Nd6 8. Ne5
Bf5 9. Qb3 Nd7 10. f4 Be6 11. Nxd7 Qxd7 12. Nf3 f6 13. Be3 O-O 14. Bf2 Rae8 15.
Rad1 Kh8 16. Rfe1 Bg8 17. Qc2 Ne4 18. e3 Be6 19. Nd2 Nxf2 20. Kxf2 Bg4 21. Rc1
e5 22. Nf3 g5 23. dxe5 gxf4 24. exf4 fxe5 25. h3 Bxf3 26. Bxf3 exf4 27. g4 Re3
28. Re2 Qe7 29. Rxe3 fxe3+ 30. Kg2 Be5 31. Qe2 Qh4 32. Qe1 Qg5 0-1

[Event "10th Kings Rapid RR 2016"]
[Site "Medias ROU"]
[Date "2016.11.28"]
[Round "4.5"]
[White "Bulmaga, Irina"]
[Black "Peptan, Corina-Isabela"]
[Result "1-0"]
[WhiteTitle "IM"]
[BlackTitle "IM"]
[WhiteElo "2387"]
[BlackElo "2395"]
[WhiteFideId "13903063"]
[BlackFideId "1201930"]
[EventDate "2016.11.28"]

1. e4 c5 2. Be2 e6 3. f4 d5 4. d3 Nc6 5. Nf3 dxe4 6. dxe4 Qxd1+ 7. Bxd1 Nf6 8.
Nbd2 b6 9. c3 Ba6 10. Be2 Bxe2 11. Kxe2 O-O-O 12. e5 Nd5 13. Ne4 Be7 14. Bd2 f6
15. exf6 gxf6 16. Rad1 Rhg8 17. g3 h6 18. Rhe1 f5 19. Nf2 c4 20. Kf1 Rg6 21. Re2
Bc5 22. Rde1 Kd7 23. Nd1 b5 24. Ne3 Nf6 25. Bc1 Ne4 26. Nd2 Nd6 27. Ng2 Re8 28.
Nh4 Rgg8 29. Nhf3 Nf7 30. b3 cxb3 31. Nxb3 Bb6 32. Ba3 a5 33. Bc5 Bc7 34. Nbd4
e5 35. Nxb5 e4 36. Nfd4 Rb8 37. Rd1 Nxd4 38. Nxd4 h5 39. Nxf5+ Kc6 40. Ba3 Rgd8
41. Nd4+ Kd5 42. Nb3+ Kc6 43. Rxd8 Rxd8 44. Rxe4 Rd3 45. Rc4+ Kb6 46. Nxa5 Rd1+
47. Ke2 Ra1 48. Rc6+ Kxa5 49. Bb4+ Kb5 50. Rxc7 Rxa2+ 51. Kf3 Nd8 52. Rc5+ Kb6
53. Rxh5 Nc6 54. Rh6 1-0

[Event "10th Kings Rapid RR 2016"]
[Site "Medias ROU"]
[Date "2016.11.29"]
[Round "5.1"]
[White "Peptan, Corina-Isabela"]
[Black "Jianu, Vlad-Cristian"]
[Result "0-1"]
[WhiteTitle "IM"]
[BlackTitle "GM"]
[WhiteElo "2395"]
[BlackElo "2544"]
[WhiteFideId "1201930"]
[BlackFideId "1208110"]
[EventDate "2016.11.28"]

1. d4 Nf6 2. c4 e6 3. Nf3 c5 4. d5 exd5 5. cxd5 d6 6. Nc3 g6 7. Bf4 a6 8. h3 b5
9. a3 Bg7 10. e3 O-O 11. Rc1 Qe7 12. b4 Nbd7 13. bxc5 Nxc5 14. Be2 Bb7 15. O-O
Rac8 16. Re1 Rfd8 17. Bg5 h6 18. Bxf6 Bxf6 19. Nd4 Re8 20. Bg4 Rc7 21. Rc2 Bg7
22. Bf3 Qh4 23. Nc6 Bc8 24. Ne2 Qa4 25. Rxc5 Qxd1 26. Rxd1 dxc5 27. d6 Rd7 28.
Nb8 Red8 29. Nxd7 Bxd7 30. Nf4 b4 31. axb4 cxb4 32. Nd5 b3 33. Ne7+ Kf8 34. Nc6
Rc8 35. Nd4 b2 36. Ne2 Ba4 37. d7 Rd8 0-1

[Event "10th Kings Rapid RR 2016"]
[Site "Medias ROU"]
[Date "2016.11.29"]
[Round "5.2"]
[White "Deac, Bogdan-Daniel"]
[Black "Bulmaga, Irina"]
[Result "1/2-1/2"]
[WhiteTitle "GM"]
[BlackTitle "IM"]
[WhiteElo "2559"]
[BlackElo "2387"]
[WhiteFideId "1226380"]
[BlackFideId "13903063"]
[EventDate "2016.11.28"]

1. Nf3 Nf6 2. c4 e6 3. Nc3 d5 4. d4 Be7 5. Bf4 O-O 6. e3 Nbd7 7. Qc2 c5 8. Rd1
cxd4 9. Rxd4 Bc5 10. Rd1 Qe7 11. cxd5 Nxd5 12. Nxd5 exd5 13. Bd3 Nf6 14. Be5
Bb4+ 15. Ke2 Ne4 16. a3 Bg4 17. Bxe4 dxe4 18. Qxe4 Bxf3+ 19. gxf3 Bc5 20. Rhg1
f6 21. Bc3 Qf7 22. Qd5 Bb6 23. Qxf7+ Rxf7 24. Rd6 Kf8 25. Rgd1 Rc8 26. Bb4 Kg8
27. f4 f5 28. Bc3 Re7 29. h4 g6 30. h5 Bc5 31. Rd8+ Rxd8 32. Rxd8+ Kf7 33. hxg6+
hxg6 34. Rd5 Bb6 35. Rd6 Re6 36. Rd7+ Re7 37. Rxe7+ Kxe7 38. Bd4 Bc7 39. Bxa7 b6
40. a4 Kd7 41. Kd3 Kc6 42. a5 bxa5 43. Kc4 Bd6 44. b3 Bb4 45. Bd4 Bd6 46. Bc3
Bc7 47. f3 Bb6 48. Bd2 Bc7 49. e4 Bb6 50. e5 Bd8 51. e6 Bc7 52. e7 Kd7 53. Kd5
Kxe7 54. Kc6 Kd8 55. Bc1 Kc8 56. Be3 Bb8 57. Bc1 Bc7 58. Bd2 Kd8 59. Be3 Kc8 60.
Bb6 Bxf4 61. Bxa5 g5 1/2-1/2